| 000 | 00973cam a22002893a 4500 | ||
|---|---|---|---|
| 001 | 1670 | ||
| 005 | 20240226133418.0 | ||
| 020 | _a9781407157368 | ||
| 040 |
_aEOW _cEOW _dSLC _dDLC _beng |
||
| 050 | 0 | 0 | _aPZ7.S86037 |
| 082 | _a813.54 | ||
| 100 | 1 | _aStine, R. L | |
| 245 | 1 | 4 |
_aThe blob that ate everyone / _cR.L. Stine. |
| 260 |
_aNew York : _bScholastic, _c1997 |
||
| 300 |
_a115 pages : _c20 cm _billustrations |
||
| 490 | 1 |
_aGoosebumps _vBook 11 |
|
| 500 | _a"An Apple paperback." | ||
| 500 | _a"A Parachute Press book." | ||
| 505 | _aG | ||
| 520 | _aZackie Beauchamp wants to be a famous horror author, but even he is frightened when everything he writes on the old typewriter he found in a burned-out antique store starts to come true. | ||
| 521 |
_a410
_bLexile |
||
| 521 |
_aG
_bRaz-Plus |
||
| 655 | 7 |
_aHorror fiction. _2gsafd |
|
| 655 | 7 |
_aFantasy fiction. _2gsafd |
|
| 906 |
_a7 _bcbc _ccopycat _d2 _encip _f20 _gy-genrareb |
||
| 942 |
_2ddc _cBK _n0 |
||
| 999 |
_c1670 _d1670 |
||